00355nam a2200109Ia 4500008004100000020001800041050002400059100002700083245006700110260004400177300002400221150223s9999 xx 000 0 und d a9788179929216 aGV 191.24b.X3 2009 aXavier, Francis, Ph.D. 4aThe world's best inspiring stories /cG. Francis Xavier, Ph.D. aMumbai :bJaico Publishing House,c2009 a164 pages :c22 cm.